Statistiques concernant Pokémon offert

Cliquez ici pour prendre le quiz!

Statistiques générales

  • Ce quiz a été pris 81 fois
    (17 depuis la dernière actualisation)
  • Le résultat moyen est 151 sur 264

Statistiques - réponses

Jeux
Pokémon
% Correct
L'île solitaire de l'Armure | Pokémon Rouge Feu et Vert Feuille | Pokémon Rouge et BleuBulbizarre
92%
Carapuce
92%
Pokémon Jaune | Pokémon Let's Go Pikachu/ÉvoliPikachu
92%
Salamèche
92%
Pokémon Rubis Oméga et Saphir Alpha | Pokémon Rubis et Saphir | Pokémon ÉmeraudeArcko
83%
Évoli
83%
Pokémon Cristal | Pokémon HeartGold et SoulSilver | Pokémon Or et ArgentGermignon
83%
Gobou
83%
Héricendre
83%
Kaiminus
83%
Magicarpe
83%
Poussifeu
83%
Gruikui
75%
Moustillon
75%
Pokémon Noir 2 et Blanc 2 | Pokémon Noir et BlancVipélierre
75%
Légendes Pokémon:Arceus | Pokémon Soleil et Lune | Pokémon Ultra-Soleil et Ultra-LuneBrindibou
67%
Grenousse
67%
Mew
67%
Morphéo
67%
Otaquin
67%
Ouisticram
67%
Tiplouf
67%
Togepi
67%
Pokémon Diamant et Perle | Pokémon Diamant Étincelant et Perle Scintillante | Pokémon PlatineTortipouss
67%
Amonita
58%
Chochodile
58%
Feunnec
58%
Flamiaou
58%
Kabuto
58%
Lokhlass
58%
Pokémon X et YMarisson
58%
Pokémon Épée et BouclierOuistempo
58%
Ptèra
58%
Ptéra
58%
Ptiravi
58%
Riolu
58%
Anorith
50%
Coiffeton
50%
Flambino
50%
Larméléon
50%
Miaouss d'Alola
50%
Miaouss de Galar
50%
Minidraco
50%
Pokémon Écarlate et VioletPoussacha
50%
Arceus
42%
Caratroc
42%
Les terres enneigées de la CouronneCosmog
42%
Feuillajou
42%
Flamajou
42%
Flotajou
42%
Goinfrex Chromatique
42%
Jirachi
42%
EKoraidon
42%
Lilia
42%
Magby
42%
VMiraidon
42%
Okéoké
42%
Raichu d'Alola
42%
Terhal
42%
Toudoudou
42%
Type 0
42%
Wushours
42%
Zorua
42%
Arkeapti
33%
Axoloto
33%
Carapagos
33%
Débugant
33%
Dinoclier
33%
Élekid
33%
Goupix d'Alola
33%
N2Griknot
33%
Kicklee
33%
Kranidos
33%
Limagma
33%
Lucario
33%
Mélo
33%
USOssatueur d'Alola
33%
Piafabec
33%
Pichu
33%
Porygon
33%
Pyronille
33%
Ramoloss
33%
Sabelette d'Alola
33%
Taupiqueur d'Alola
33%
Toxizap
33%
Tygnon
33%
Wattouat
33%
Zygarde
33%
Amagara
25%
USArgouste
25%
Camérupt
25%
Le masque TurquoiseCaninos de Hisui
25%
ULÉkaïser
25%
USFloramantis
25%
Galvagla
25%
Galvagon
25%
Hydragla
25%
Hydragon
25%
USLucanon
25%
ULMalamandre
25%
Mimiqui
25%
Noadkoko d'Alola
25%
Ptyranidur
25%
ULRattatac d'Alola
25%
USRubombelle
25%
Sharpedo
25%
ULTarenbulle
25%
ULTogedemaru
25%
Vémini
25%
Vivaldaim
25%
LGEArcanin
17%
Lippouti
17%
LGPPersian
17%
Tentacool
17%

Distribution des résultats

Percentile par nombre de réponses

% des personnes avec chaque résultat

Votre développement - résultats

Vous n’avez pas pris ce quiz depuis la dernière actualisation